Madurez y estancamiento en el capitalismo norteamericano. Parte I /

Na minha lista:
Detalhes bibliográficos
Autor principal: Steindl, Josef
Outros Autores: Zamora, Clementina trad
Formato: Texto
Publicado em: México, D.F: Siglo XXI
Tags: Adicionar Tag
Sem tags, seja o primeiro a adicionar uma tag!

MARC

LEADER 00000 a a2200000 04500
001 22590
003
040
020 |a 968-23-0449-0  
090 |a 154801  
100 |a Steindl, Josef  
245 |a Madurez y estancamiento en el capitalismo norteamericano. Parte I /  |c Josef Steindl 
260 |a México, D.F:   |b Siglo XXI  
300 |a 325 p   |b **no definido**  
700 |a Zamora, Clementina   |a trad  
999 |c 2798  |d 2798